Guess the 1970s song lyrics #262 - Statistics

General Stats
  • This quiz has been taken 20 times
  • The average score is 228 of 305
Answer Stats
Answer % Correct
a
100%
I
100%
in
100%
of
100%
to
100%
you
100%
And
93%
and
93%
me
93%
my
93%
right
93%
the
93%
am
86%
do
86%
don't
86%
go
86%
here
86%
Here
86%
how
86%
I'll
86%
is
86%
Is
86%
it
86%
know
86%
so
86%
what
86%
why
86%
with
86%
all
79%
got
79%
I'm
79%
left
79%
some
79%
that
79%
Well
79%
your
79%
But
71%
came
71%
can
71%
feeling
71%
get
71%
It's
71%
Jokers
71%
middle
71%
no
71%
on
71%
Stuck
71%
stuck
71%
this
71%
at
64%
make
64%
out
64%
should
64%
take
64%
they
64%
you're
64%
ain't
57%
Clowns
57%
down
57%
made
57%
nothing
57%
over
57%
place
57%
say
57%
see
57%
something
57%
think
57%
makes
50%
man
50%
off
50%
Cause
43%
scared
43%
self
43%
sense
43%
started
43%
tonight
43%
Trying
43%
yeah
43%
Yeah
43%
Yes
43%
back
36%
chair
36%
come
36%
face
36%
fall
36%
hard
36%
Please
36%
Slap
36%
stairs
36%
wondering
36%
anymore
29%
case
29%
floor
29%
friends
29%
keep
29%
proud
29%
sleep
21%
smile
21%
cool
14%
crawling
14%
control
7%
Losing
7%
No matching quizzes found
Score Distribution
Percent of People with Each Score
Percentile by Number Answered
Your Score History
You have not taken this quiz